Mortal Kombat A-Z - Statistics

General Stats
  • This quiz has been taken 144 times
  • The average score is 17 of 26
Answer Stats
Letter Hint Answer % Correct
B Kano is the leader of an international faction of mercenaries known as the ____ Dragon. Black
91%
D The infamous line from the second Mortal Kombat movie "Too bad you . . . will ___!" Die
89%
L This character uses his hat as a weapon, and his name is Kung ___. Lao
89%
F The iconic finishing moves of the entire franchise. Fatality
85%
R The god of lightning who sees himself as a defender of Earthrealm. Raiden
84%
P Kitana is the ________ of Edenia. Princess
82%
Q A sorcerer of the Netherrealm, and a servant of Shinnok. Quan Chi
80%
C Secret character in Mortal Kombat Trilogy who has the powers of all the other male ninjas. Chameleon
77%
S The first member of the Lin Kuei to undergo cyberization, and has a red color. Sektor
76%
I Sub-Zero and Raiden appear as guest characters in another game: _________ II. Injustice
71%
T This is the race of flesh-eating monsters with blades on their arms that Baraka is a part of. Tarkatan
71%
A A demon from the Netherrealm who wields a kriss that cleans the soul of the user. Ashrah
70%
N The current company that produces Mortal Kombat games is ___________ Studios. NetherRealm
68%
O The dragon king, and a former emperor of Outworld. Onaga
68%
V Nitara is a _______ whose debut was in Mortal Kombat: Deadly Alliance Vampire
67%
X Starting from MK9, you could perform _____ attacks that let you see the bones of your opponents get destroyed. X-Ray
66%
H A cleric of chaos who resides in Chaosrealm. Havik
64%
E This realm was merged into Outworld after being defeated in the Mortal Kombat tournament, but was freed again after the events of MK3. Edenia
58%
M This company developed the Mortal Kombat games until its bankruptcy in 2009. Midway
51%
K The full name of the grandmaster of the Lin Kuei. Kuai Liang
49%
G Released in 1999, This updated version of MK4 is known as Mortal Kombat ____. Gold
46%
J This is referred to as Earthrealm's life force. Jinsei
45%
U In the newest Mortal Kombat game, the ______ are warrior priestesses who are trained from childhood to defend the royal family of Outworld. Umgadi
36%
Z This long lost realm was home to a race of human-reptillian hybrids. Zaterra
32%
W This is what Bi Han became when he was killed by Scorpion and sent to the Netherrealm. Wraith
26%
Y In the newest Mortal Kombat game, the ____ Fortress is where the ancient (and deactivated) Dragon Army resides. Ying
15%
No matching quizzes found
Score Distribution
Percent of People with Each Score
Percentile by Number Answered
Your Score History
You have not taken this quiz